LEADER 00902nam 2200337 450 001 9910138306003321 005 20221014135855.0 010 $a953-51-5818-X 035 $a(CKB)3230000000075290 035 $a(NjHacI)993230000000075290 035 $a(EXLCZ)993230000000075290 100 $a20221014d2007 uy 0 101 0 $aeng 135 $aur||||||||||| 181 $ctxt$2rdacontent 182 $cc$2rdamedia 183 $acr$2rdacarrier 200 00$aHuman Robot Interaction /$fedited by Nilanjan Sarkar 210 1$aCroatia :$cIntechOpen,$d2007. 215 $a1 online resource (524 pages) 311 $a3-902613-13-0 606 $aRobotics 615 0$aRobotics. 676 $a629.892 702 $aSarkar$b Nilanjan 801 0$bNjHacI 801 1$bNjHacl 906 $aBOOK 912 $a9910138306003321 996 $aHuman-Robot Interaction$91981251 997 $aUNINA